| 000 | nam a22 a 4500 | ||
|---|---|---|---|
| 999 |
_c59342 _d59342 |
||
| 003 | BLK | ||
| 005 | 20221025140017.0 | ||
| 008 | 180408b bul|||||r ||||||| ||bul|| | ||
| 040 | _aBLK | ||
| 041 |
_aBUL _cBUL |
||
| 080 |
_aМатематика _b51 _x(075.8) _z51(075.8) |
||
| 080 |
_aДиференциално смятане. Диференциране. Вж и 517.5 _b517.2 _x(075.8) _z517.2(075.8) |
||
| 080 |
_aИнтегрално смятане. Интегриране. Вж и 517.5 _b517.3 _x(075.8) _z517.3(075.8) |
||
| 100 | 1 |
_aТотов, Георги Н. _eпърви автор _9288919 |
|
| 139 |
_aТотов, Георги Н. _bТ 75 |
||
| 245 | 1 | 0 |
_aВисша математика _bУчебник за студентите от ВИАС : Ч. 1 - _cГеорги Н. Тотов. _nЧ. 2 _pДиференциално и интегрално смятане |
| 257 | _aBGR | ||
| 260 |
_aСофия _bТехника _c1976 - |
||
| 300 | _c22 см | ||
| 380 | _a5 | ||
| 650 | 4 |
_aМатематика, висша - учебници за ВУЗ _9247603 |
|
| 650 | 4 |
_aДиференциално смятане _9153554 |
|
| 650 | 4 |
_aИнтегрално смятане - учебници за ВУЗ _9245137 |
|
| 760 | 1 |
_aТотов, Георги Н. _d1979 _h384 с. : с черт. _tЧ. 2 Диференциално и интегрално смятане |
|
| 852 |
_aЦб 83498 _bМА |
||
| 856 | 4 |
_qpdf _i0.00 _ldisable |
|
| 856 | 4 |
_qpdf _i0.00 _ldisable |
|
| 942 |
_cKNG _n0 _s1 |
||
| 944 |
_aCR _c13.06.2004 _kЧиталня |
||
| 944 |
_aED _c08.10.2015 _kГеновева_Генчева |
||
| 999 | _d59342 | ||